000 01023nam a2200265Ia 4500
003 OSt
005 20221005110412.0
006 a|||||r|||| 00| 0
007 ta
008 221004b |||||||| |||| 00| 0 hin d
020 _a9789383233427 (hbk)
_cINR 480.00
024 _a43375
037 _bIN-2301, 14/03/2019, Kitab Ghar Prakashan
_cTextual
040 _aCRL
_cCRL
_bhin
041 _2hin
_ahin
082 _aV2:51wN, 152Q7
100 _aघोष, अरूण विकाश, ले.
245 0 _aमहान् व्यक्तित्व जिन पर हमें गर्व है
246 _aMahān vyaktitva jin par hamean garva hai
260 _aनई दिल्ली
_bकिताबघर प्रकाशन भारत
_c2017
300 _a188पृ0
_ccm.
650 _aइतिहास
942 _hV2:51wN, 152Q7
_cTEXL
_2cc
999 _c1018701
_d1018701